Statistics for Флаги Африки

Click here to take the quiz!

General Stats

  • This quiz has been taken 552 times
  • The average score is 32 of 54

Answer Stats

Answer% Correct
Южно-Африканская Республика
98%
Тунис
91%
Алжир
91%
Египет
91%
Ангола
89%
Кения
86%
Уганда
85%
Нигерия
78%
Мавритания
75%
Танзания
71%
Либерия
70%
Эфиопия
69%
Ливия
69%
Мадагаскар
66%
Марокко
66%
Сейшельские Острова
66%
Сомали
65%
Нигер
64%
Зимбабве
62%
Судан
62%
Чад
61%
Бурунди
60%
Эсватини
60%
Малави
59%
Кот-д'Ивуар
59%
Эритрея
57%
Южный Судан
57%
Замбия
56%
Коморы
55%
Кабо-Верде
54%
Демократическая Республика Конго
53%
Лесото
53%
Камерун
52%
Ботсвана
51%
Мозамбик
51%
Центрально-Африканская Республика
50%
Сенегал
50%
Гана
50%
Мали
48%
Буркина-Фасо
47%
Того
45%
Бенин
45%
Руанда
43%
Республика Конго
42%
Габон
42%
Джибути
40%
Сьерра-Леоне
40%
Гвинея
40%
Экваториальная Гвинея
39%
Сан-Томе и Принсипи
39%
Маврикий
38%
Намибия
36%
Гвинея-Бисау
36%
Гамбия
31%

Score Distribution

Percentile by Number Answered

Percent of People with Each Score

Your Score History

You have not taken this quiz